000 00647cam a2200229 4500
001 ##B3070
008 090401t1990 xxu||||| |||| 00| 0 eng d
035 _a(Sirsi) u53826
041 0 _aeng
050 0 4 _a658.1552 $2 18
100 1 _aGreen, Stuart D.
245 0 0 _aValue engineering
_bthe search for unnecessary cost
260 _aAscot, Berkshire
_bCIOB
_c1990
300 _ax, 53p.
_c30cm.
350 _a7
490 0 _aCIOB Occasional Paper
_v(39)
651 4 _aUnited Kingdom
_y
690 _aBUILT ENVIRONMENT-CONSTRUCTION MANAGEMENT-CONSTRUCTION VALUE MANAGEMENT
700 1 _aPopper, Peter A.
942 _n0
948 _c04/03/1997
999 _c93343
_d93343